书目信息 |
| 题名: |
更年期问题100答
|
|
| 作者: | 董玉整 主编 | |
| 分册: | ||
| 出版信息: | 广州 广东科技出版社 2002 |
|
| 页数: | 171页 | |
| 开本: | 19cm | |
| 丛书名: | 女性第二春系列 | |
| 单 册: | ||
| 中图分类: | R711.75-44 | |
| 科图分类: | ||
| 主题词: | 妇女--更年期--保健--问答 , CT--S023010--妇女 , CT--S025635--更年期 , CT--S002300--保健 | |
| 电子资源: | ||
| ISBN: | 7-5359-3003-4 | |
| 000 | 00943oam2 2200301 450 | |
| 001 | CAL 012004021189 | |
| 005 | 20061120160630.32 | |
| 010 | @a7-5359-3003-4@dCNY 11.50 | |
| 099 | @aCAL 012004021189 | |
| 100 | @a20020722d2002 em y0chiy0110 ea | |
| 101 | 0 | @achi |
| 102 | @aCN@b440000 | |
| 105 | @ay z 000yy | |
| 200 | 1 | @a更年期问题100答@e帮你轻松度过更年期@f董玉整主编 |
| 210 | @a广州@c广东科技出版社@d2002 | |
| 215 | @a171页@d19cm | |
| 225 | 2 | @a女性第二春系列 |
| 330 | @a本书从生理、心理、病理、情感等方面全方位地介绍女性更年期的有关知识,并用一问一答的方式解答更年期妇女所遇到的种种问题和解决问题的科学方法。 | |
| 461 | 0 | @12001 @a女性第二春系列 |
| 606 | 0 | @a妇女@x更年期@x保健@x问答 |
| 606 | 0 | @2CT@3S023010@a妇女 |
| 606 | 0 | @2CT@3S025635@a更年期 |
| 606 | 0 | @2CT@3S002300@a保健 |
| 690 | @aR711.75-44@v4 | |
| 701 | 0 | @a董玉整@4主编 |
| 801 | @aCN@c20061120 | |
| 905 | @apdsgxy@dR711.75-44@eD754 | |
| 998 | @aciom | |
| 更年期问题100答:帮你轻松度过更年期/董玉整主编.-广州:广东科技出版社,2002 |
| 171页;19cm.-(女性第二春系列) |
| ISBN 7-5359-3003-4:CNY 11.50 |
| 本书从生理、心理、病理、情感等方面全方位地介绍女性更年期的有关知识,并用一问一答的方式解答更年期妇女所遇到的种种问题和解决问题的科学方法。 |
| ● |
| 相关链接 |
|
|
|
正题名:更年期问题100答
索取号:R711.75-44/D754
 
预约/预借
| 序号 | 登录号 | 条形码 | 馆藏地/架位号 | 状态 | 备注 |
| 1 | 611950 | 206119500 | 自科库401/401自科库 20排1列5层/ [索取号:R711.75-44/D754] | 在馆 | |
| 2 | 611951 | 206119519 | 自科库401/401自科库 20排1列5层/ [索取号:R711.75-44/D754] | 在馆 | |
| 3 | 611952 | 206119528 | 自科库401/401自科库 20排1列5层/ [索取号:R711.75-44/D754] | 在馆 |